000 00637nam a22002177a 4500
008 110819t xxu||||| |||| 00| 0 eng d
020 _a9988071744 9789988071745
050 _aPR4670.El4
100 _aEliot George
245 _aSilas Marner
_cGeorge Elliot
260 _aAccra
_bExcellent Publishing and Printing
_c2007
300 _axiii,268 p.
_c18 cm
500 _aBibliography: p.268
650 _a Fathers and daughters
_xFiction
650 _aFoundlings
_xFiction
650 _aAdopted children
_xFiction.
650 _aWeavers
_xFiction.
651 _aEngland
_xFiction.
655 _aDomestic fiction.
942 _2ddc
_cBK
999 _c16
_d7516